| 000 | 00661cam a2200217u 4500 | ||
|---|---|---|---|
| 001 | 7367287 | ||
| 003 | OSt | ||
| 005 | 20230214093454.0 | ||
| 008 | 830107s1898 enkh 000 0 eng | ||
| 010 | _a 37011139 | ||
| 040 |
_aDLC _cCarP _dDLC |
||
| 050 | 0 | 0 |
_aBS537 _b.B85 1898 |
| 100 | 1 |
_aBullinger, E. W. _q(Ethelbert William), _d1837-1913. |
|
| 245 | 1 | 0 | _aFigures of speech used in the Bible: |
| 260 |
_aLondon, _bEyre & Spottiswoode; _aNew York, _bE. & J. B. Young & Co., _c1898. |
||
| 300 | _axlvi, 1104 p. | ||
| 630 | 0 | 0 |
_aBible _xLanguage, style. |
| 650 | 0 | _aFigures of speech. | |
| 906 |
_a0 _bcbc _cpremunv _du _encip _f19 _gy-gencatlg |
||
| 942 |
_2lcc _cBK |
||
| 999 |
_c19990 _d19989 |
||